000 00551cam a2200193ua 4500
001 2317
008 110804n ii |||gr||||Z||||||asm
040 _cMAIN
100 1 _aSharma, Mahesh Chandra,
_eAuthor.
245 1 _aSiksha tattva aru shiksha monobigyan sahaieka
_cby Mahesh Chandra Sharma
250 _a1st.
260 _aKokrajhar:
_bBina Library.
300 _a216p:9cm.
653 _aEducation
653 _aSiksha tattva aru shiksha monobigyan sahaieka
700 _aed. by Roi,
_eAuthor.
700 _aed. by Dutta,
_eAuthor.
942 _cBK
999 _c2176
_d2176